| 000 | 01515cam a2200325 a 4500 | ||
|---|---|---|---|
| 001 | 14977765 | ||
| 005 | 20080311113602.0 | ||
| 008 | 070823s2008 enka b 001 0 eng | ||
| 010 | _a2007035250 | ||
| 020 | _a9780521884419 (hardback) | ||
| 020 | _a0521884411 (hardback) | ||
| 035 | _a(OCoLC)ocn170202900 | ||
| 035 | _a(OCoLC)170202900 | ||
| 040 |
_aDLC _cDLC _dYDX _dBTCTA _dBAKER _dYDXCP _dDLC |
||
| 050 | 0 | 0 |
_aTK5105.5 _b.M49 2008 |
| 082 | 0 | 0 |
_a004.6 _222 _bMEY |
| 100 | 1 |
_aMeyn, S. P. _q(Sean P.) _93459 |
|
| 245 | 1 | 0 |
_aControl Techniques for Complex Networks / _cSean Meyn. |
| 260 |
_aCambridge ; _aNew York : _bCambridge University Press, _cc2008. |
||
| 300 |
_axvi, 562 p. : _bill. ; _c27 cm. |
||
| 504 | _aIncludes bibliographical references (p. 537-558) and index. | ||
| 650 | 0 |
_aComputer networks. _93460 |
|
| 650 | 0 |
_aControl theory. _93461 |
|
| 856 | 4 | 2 |
_3Contributor biographical information _uhttp://www.loc.gov/catdir/enhancements/fy0743/2007035250-b.html |
| 856 | 4 | 1 |
_3Table of contents only _uhttp://www.loc.gov/catdir/enhancements/fy0743/2007035250-t.html |
| 856 | 4 | 2 |
_3Publisher description _uhttp://www.loc.gov/catdir/enhancements/fy0803/2007035250-d.html |
| 942 |
_2ddc _cBB |
||
| 999 |
_c11247 _d11247 |
||